000 00635nam a2200229 i 4500
001 6252
003 ES-MaACL
005 20240222063044.0
007 t|
008 890911s1989 sp |||| | spa d
020 _a84-322-0602-4
080 _a86-311.1"19"
100 1 _aUmbral, Francisco,
_d1932-2007
_9111971
245 1 3 _aEl fulgor de África /
_cFrancisco Umbral.
250 _a1ª ed.
260 _aBarcelona :
_bSeix Barral,
_c1989.
300 _a188 p. ;
_c20 cm.
490 1 _aBiblioteca breve
830 0 _aBiblioteca breve (Seix Barral)
_9227188
852 _aES-MaACL
_jL-13406
999 _c6252
_d6252